| 000 | 01408nam a22002417a 4500 | ||
|---|---|---|---|
| 999 |
_c59006 _d59006 |
||
| 003 | Ge_BSU | ||
| 005 | 20221028162134.0 | ||
| 008 | 221028s1998 ge ||||| |||| 00| 0 geo d | ||
| 041 | _ageo | ||
| 080 | _a334.764 + 005.93(075.8) პ-18 | ||
| 100 |
_aპაპავა, გიორგი _915649 |
||
| 245 |
_aსამრეწველო ფირმის ორგანიზაცია და მართვა : _bორტომეული. ტ. 2, შიგასაფირმო ორგანიზაცია, დაგეგმვა, მართვა და ფირმის ფუნქციონირების მახასიათებლები / _cგიორგი პაპავა ; რედ. ი. ბაქრაძე. |
||
| 264 |
_aთბილისი : _bსამშობლო, _c1998. |
||
| 300 |
_a518 გვ. : _b სქ., ცხ. _c20სმ. |
||
| 500 | _aდანართი: გვ. 463-515. | ||
| 504 | _aბიბლიოგრაფია: გვ. 459-462. | ||
| 520 | _aრეზ. ინგლ. და რუს. | ||
| 653 | _aსამრეწველო ფირმები | ||
| 653 | _aსაწარმოების ორგანიზაცია | ||
| 653 | _aსაწარმოების მართვა | ||
| 700 |
_aბაქრაძე, ი. _eრედაქტორი _93093 |
||
| 942 |
_2udc _cBK |
||